000 01245nam a2200133Ia 4500
008 220620s9999||||xx |||||||||||||| ||und||
020 _a9783040000000
245 0 _aAdvances in Sustainable River Management
_bReconciling Conflicting Interests under Climate Extremes
546 _aEnglish[eng]
650 _aflood frequency||rainfall-runoff model||river-based tourism||reservoir regulation||water availability||climate variability||land use change||flood hazard zone||EBA4SUB model||FLO-2D||Mike11||dynamic flow releases||flow regime||hydrological methods||Indicators of Hydrological Alteration||river health||artificial intelligence||Ganga||groundwater||Hindon||statistical indicators||Uttar Pradesh||bottom sediments||soil core||levee||stability analysis||geosynthetics||dykes||levees||protection||reinforcement||stabilization||drainage||erosion control||barriers||emission reductions||climate change||hydro-economic water allocation||optimal water allocation||risk analysis||water supply||the Thames||ecosystem||pollution||biodiversity||non-native species||ecosystem management||remediation||restoration||monitoring||n/a
700 _aWałęga, Andrzej||Kuriqi, Alban
856 _uhttps://mdpi.com/books/pdfview/book/4887
942 _cEB
999 _c34926
_d34926